000 00324nam a2200133 i 4500
001 bg
100 1 _aZYSIN, A.
245 0 _aVychody produktov delenija i ich raspredelnie po massam /
_cA. Zysin.
260 _aMoskva,
_c1963.
040 _cBPK
041 _apol
942 _cKS
008 s pl f |000 0 pol
999 _c12697
_d12697
856 _uhttp://koha.tu.koszalin.pl/cgi-bin/koha/opac-detail.pl?biblionumber=12697
_yKatalog online BPK